[Event "Arad op 12th"]
[Site "Arad"]
[Date "2019.07.25"]
[Round "2"]
[White "Schitco, Ivan"]
[Black "Nicora, Cristi"]
[Result "1-0"]
[WhiteElo "2462"]
[BlackElo "2102"]
[PlyCount "73"]
[EventDate "2019.07.24"]
[EventType "swiss"]
[EventRounds "9"]
[EventCountry "ROU"]
[SourceTitle "CBM 191 Extra"]
[Source "ChessBase"]
[SourceDate "2019.09.30"]
[SourceVersion "1"]
[SourceVersionDate "2019.09.30"]
[SourceQuality "1"]

1. d4 Nf6 2. c4 g6 3. Nf3 Bg7 4. e3 0-0 5. Be2 d5 6. cxd5 Nxd5 7. e4 Nb6 8. 0-0 Bg4 9. Nbd2 e6 10. h3 Bxf3 11. Nxf3 Nc6 12. Be3 Qd6 13. Qd2 Rfd8 14. Rfd1 a5 15. Rac1 Qb4 16. a3 Qxd2 17. Rxd2 f5 18. d5 exd5 19. Bxb6 cxb6 20. exd5 Bh6 21. dxc6 Bxd2 22. Nxd2 Rxd2 23. cxb7 Rb8 24. Rc8+ Rd8 25. Bc4+ Kg7 26. Rc7+ Kh6 27. Ba6 b5 28. b3 Rd1+ 29. Kh2 Rd6 30. Rc8 Rd8 31. Rxd8 Rxd8 32. Bxb5 Rb8 33. Bc6 f4 34. a4 Kg5 35. Be4 Re8 36. b4 axb4 37. a5 1-0

[Event "Kishinev op"]
[Site "Kishinev"]
[Date "2014.01.23"]
[Round "6"]
[White "Nicora, Cristi"]
[Black "Ianocichin, Victor"]
[Result "0-1"]
[WhiteElo "1794"]
[BlackElo "2146"]
[PlyCount "86"]
[EventDate "2014.01.18"]
[EventType "swiss"]
[EventRounds "9"]
[EventCountry "MDA"]
[SourceTitle "EXT 2016"]
[Source "ChessBase"]
[SourceDate "2015.10.08"]
[SourceVersion "1"]
[SourceVersionDate "2015.10.08"]
[SourceQuality "1"]

1. e4 c5 2. Nf3 d6 3. d4 cxd4 4. Nxd4 Nf6 5. Nc3 a6 6. Be3 e5 7. Nb3 Be6 8. Be2 Be7 9. 0-0 Nbd7 10. a4 Nb6 11. Bxb6 Qxb6 12. a5 Qc6 13. Bf3 Rc8 14. Rc1 Nd7 15. Qd2 h6 16. Ra1 Bg5 17. Qd1 0-0 18. g3 Nc5 19. Nxc5 Qxc5 20. h4 Bd8 21. Na4 Qxa5 22. Qxd6 Rxc2 23. b4 Qb5 24. Rfb1 Qd7 25. Rd1 Qxd6 26. Rxd6 Rc4 27. Rb1 Bc7 28. Rd2 a5 29. Nc5 Bc8 30. Be2 Rc3 31. Nd3 f5 32. bxa5 fxe4 33. Nb4 e3 34. fxe3 Rxe3 35. Nd5 Rxg3+ 36. Kh2 Rh3+ 37. Kg2 Bd8 38. a6 bxa6 39. Rb8 Bxh4 40. Rxc8 Rg3+ 41. Kh2 Rxc8 42. Ne7+ Bxe7 43. Kxg3 a5 0-1

[Event "Kishinev op"]
[Site "Kishinev"]
[Date "2014.01.20"]
[Round "3"]
[White "Verbin, Valentina"]
[Black "Nicora, Cristi"]
[Result "0-1"]
[WhiteElo "1511"]
[BlackElo "1794"]
[PlyCount "98"]
[EventDate "2014.01.18"]
[EventType "swiss"]
[EventRounds "9"]
[EventCountry "MDA"]
[SourceTitle "EXT 2016"]
[Source "ChessBase"]
[SourceDate "2015.10.08"]
[SourceVersion "1"]
[SourceVersionDate "2015.10.08"]
[SourceQuality "1"]

1. e4 c5 2. Nf3 Nc6 3. d4 cxd4 4. Nxd4 Nf6 5. Nc3 e5 6. Ndb5 d6 7. Bg5 a6 8. Na3 Be6 9. Nd5 Bxd5 10. exd5 Qa5+ 11. c3 Qxd5 12. Qxd5 Nxd5 13. 0-0-0 Nc7 14. Nc4 Ne6 15. Be3 Rd8 16. Nb6 Nc7 17. Bc4 Ne7 18. f3 Nc8 19. Rhe1 Be7 20. Nd5 Nxd5 21. Bxd5 Rd7 22. Rd3 0-0 23. f4 Rc7 24. fxe5 dxe5 25. Bf2 Bf6 26. Bg3 Re8 27. Rf3 b5 28. b3 Nb6 29. Be4 Rec8 30. Kb2 Rd8 31. Rf2 a5 32. Rfe2 g6 33. Kc2 Rdc8 34. Re3 Bg7 35. Bf2 Nd7 36. g4 Nf6 37. Rg3 Nxe4 38. Rxe4 f5 39. gxf5 gxf5 40. Re1 e4 41. Bd4 Kh8 42. Bxg7+ Rxg7 43. Rxg7 Kxg7 44. Kd2 Rd8+ 45. Ke3 Rd3+ 46. Kf4 Kf6 47. Rf1 Rxc3 48. Rf2 a4 49. bxa4 bxa4 0-1